Welcome to CU Library Online Public Access Catalogue (OPAC)

International human resource management : (Record no. 4379)

MARC details
000 -LEADER
fixed length control field 01108cam a22002534a 4500
001 - CONTROL NUMBER
control field 13635535
005 - DATE AND TIME OF LATEST TRANSACTION
control field 20250226165234.0
008 - FIXED-LENGTH DATA ELEMENTS--GENERAL INFORMATION
fixed length control field 040624s2005 enka b 001 0 eng
020 ## - INTERNATIONAL STANDARD BOOK NUMBER
International Standard Book Number 0333741390 (pbk.)
050 00 - LIBRARY OF CONGRESS CALL NUMBER
Classification number HF5549.5.E45
Item number I5773 2005
082 00 - DEWEY DECIMAL CLASSIFICATION NUMBER
Classification number 658.3
Edition information 22
245 00 - TITLE STATEMENT
Title International human resource management :
Remainder of title a critical text /
Statement of responsibility, etc. edited by Hugh Scullion and Margaret Linehan.
260 ## - PUBLICATION, DISTRIBUTION, ETC.
Place of publication, distribution, etc. Houndmills, Basingstoke, Hampshire ;
-- New York, N.Y. :
Name of publisher, distributor, etc. Palgrave Macmillan,
Date of publication, distribution, etc. 2005.
300 ## - PHYSICAL DESCRIPTION
Extent xii, 332 p. :
Other physical details ill. ;
Dimensions 24 cm.
440 #0 - SERIES STATEMENT/ADDED ENTRY--TITLE
Title Management, work and organisations
650 #0 - SUBJECT ADDED ENTRY--TOPICAL TERM
Topical term or geographic name entry element International business enterprises
General subdivision Personnel management.
650 #0 - SUBJECT ADDED ENTRY--TOPICAL TERM
Topical term or geographic name entry element Personnel management.
700 1# - ADDED ENTRY--PERSONAL NAME
Personal name Scullion, Hugh.
700 1# - ADDED ENTRY--PERSONAL NAME
Personal name Linehan, Margaret.
856 42 - ELECTRONIC LOCATION AND ACCESS
Materials specified Contributor biographical information
Uniform Resource Identifier <a href="http://www.loc.gov/catdir/enhancements/fy0618/2004054823-b.html">http://www.loc.gov/catdir/enhancements/fy0618/2004054823-b.html</a>
856 42 - ELECTRONIC LOCATION AND ACCESS
Materials specified Publisher description
Uniform Resource Identifier <a href="http://www.loc.gov/catdir/enhancements/fy0618/2004054823-d.html">http://www.loc.gov/catdir/enhancements/fy0618/2004054823-d.html</a>
856 41 - ELECTRONIC LOCATION AND ACCESS
Materials specified Table of contents only
Uniform Resource Identifier <a href="http://www.loc.gov/catdir/enhancements/fy0618/2004054823-t.html">http://www.loc.gov/catdir/enhancements/fy0618/2004054823-t.html</a>
942 ## - ADDED ENTRY ELEMENTS (KOHA)
Source of classification or shelving scheme Library of Congress Classification
Koha item type Books
Suppress in OPAC No
999 ## -
-- 4379
-- 4379
Holdings
Withdrawn status Lost status Source of classification or shelving scheme Damaged status Not for loan Collection Home library Current library Shelving location Date acquired Total checkouts Full call number Barcode Date last seen Copy number Price effective from Koha item type
    Library of Congress Classification     Non-fiction Undergraduate Library (Christ Temple) Undergraduate Library (Christ Temple) General stacks 02/26/2025   HF5549.5.F45 INT ulct00001407 02/26/2025 1 02/26/2025 Books
© 2023-2024 Copyright: Central University Libraries. All Rights Reserved | Created by: Mahone Tech Office